| 000 | 00858cab a2200217 4500 | ||
|---|---|---|---|
| 001 | WB2549-09 | ||
| 008 | 090401t1989 xxu||||| |||| 00| 0 eng d | ||
| 035 | _a(Sirsi) u23551 | ||
| 041 | _aeng | ||
| 245 | _aPromise of payment enforceable | ||
| 260 | _c1989 | ||
| 350 | _a0 | ||
| 490 |
_aTimes _v8/12/89 p38 |
||
| 520 | _aThe CA dismissed an appeal by the defendants against a decision in the County Court, whereby judgement was given for the plaintiff that the defendants` promise to pay a sum of money in addition to the original contract price, was an enforceable agreement. Williams v Roffey Brothers and Nicholls (Contractors) Ltd CA 23 November 1989. | ||
| 650 | _aADDITIONAL PAYMENTS | ||
| 650 | _aBUILT ENVIRONMENT-BUILDING CONTRACT FORMS | ||
| 650 | _aECONOMIC DURESS | ||
| 690 | _aBUILT ENVIRONMENT | ||
| 942 | _n0 | ||
| 948 | _c04/03/1997 | ||
| 999 |
_c15743 _d15743 |
||